El Club de los Corazones Solitarios / (Registro nro. 10582)

Detalles MARC
000 -LIDER
fixed length control field 00849nam a22002657a 4500
001 - NÚMERO DE CONTROL
Identificador de número de control 00020
003 - IDENTIFICACDOR DE NÚMERO DE CONTROL
control field DO-SdBNP
005 - DATE AND TIME OF LATEST TRANSACTION
control field 20240527105612.0
007 - CAMPOS FIJOS DE DESCRIPCIÓN FÍSICA
fixed length control field 00020
008 - ELEMENTOS DE LONGITUD FIJA
fixed length control field 160624b 2011 sp ||| 00| 0 spa d
020 ## - ISBN
International Standard Book Number 9786071109217
040 ## - FUENTE DE CATALOGACIÓN
Agencia que crea de manera original el registro BPMSU
Idioma de catalogación spa
Agencia que realiza la transcripción BPMSU
082 #4 - NÚMERO DE CLASIFICACIÓN DECIMAL DE DEWEY
Classification number 813.5
Item number E88c 2011
Edition number 22
100 1# - ASIENTO PRINCIPAL -- NOMBRE PERSONAL
Nombre personal Eulberg, Elizabeth
245 13 - MENCIÓN DE TITULO
Título El Club de los Corazones Solitarios /
Mención de responsabilidad Elizabeth Eulberg ; traducción de Mercedes Núñez.
260 ## - PUBLICACIÓN, DISTRIBUCIÓN, ETC. (PIE DE IMPRENTA)
Lugar de publicación, distribución, etc México, D. F. :
Nombre del editor, distribuidor, etc. Alfaguara,
Fecha de publicación, distribución, etc 2011.
300 ## - DESCRIPCIÓN FÍSICA
Extensión 333 p. ;
Dimensiones 22 cm.
500 ## - NOTA GENERAL
Nota general Originally published in English as: Lonely hearts club.
590 ## - NOTA LOCAL
Texto de la nota local Inventariado, 2024/VM
650 #4 - ENCABEZAMIENTO DE MATERIA--TEMÁTICO
Término temático o nombre geográfico como elemento de entrada Novela juvenil estadounidense
650 #4 - ENCABEZAMIENTO DE MATERIA--TEMÁTICO
Término temático o nombre geográfico como elemento de entrada Estudiantes
Subdivisión de forma Novela juvenil
700 1# - ASIENTO SECUNDARIO -- NOMBRE PERSONAL
Nombre personal Núñez, Mercedes,
Mención de responsabilidad traductor
910 ## - VALIDACIÓN
Validación LPEREZ/ VMateo V. Cotrol de calidad. BPMSU
942 ## - ADDED ENTRY ELEMENTS (KOHA)
Source of classification or shelving scheme Dewey Decimal Classification
Koha item type Libros
Existencias
Withdrawn status Lost status Source of classification or shelving scheme Damaged status Not for loan Collection code Home library Current library Date acquired Source of acquisition Total Checkouts Full call number Barcode Date last seen Price effective from Koha item type Copy number
    Dewey Decimal Classification     Colección General Biblioteca Pública Metropolitana Salomé Ureña Biblioteca Pública Metropolitana Salomé Ureña 06/24/2016 Alfaguara   BPMSU CJG 813.5 E88c 2011 BPMSU18010012 06/24/2016 06/24/2016 Libros  
    Dewey Decimal Classification     Colección Juvenil General Biblioteca Pública Metropolitana Salomé Ureña Biblioteca Pública Metropolitana Salomé Ureña 06/24/2016 Alfaguara   BPMSU CJG 813.5 E88c 2011 BPMSU16060561 06/24/2016 06/24/2016 Libros e.2
    Dewey Decimal Classification     Colección General Biblioteca Pública Metropolitana Salomé Ureña Biblioteca Pública Metropolitana Salomé Ureña 06/24/2016 Alfaguara   BPMSU CJG 813.5 E88c 2011 BPMSU16060562 06/24/2016 06/24/2016 Libros e.3